Sur quelles chansons Stray Kids ont-ils collaboré avec ces artistes ? - Statistiques

Statistiques générales
  • Ce quiz a été pris 189 fois
  • Le résultat moyen est 5 sur 9
Statistiques - réponses
Artistes Chansons % Correct
Tiger JK Topline
94%
Charlie Puth Lose My Breath
90%
Lisa Social Path
84%
Itzy Like Magic
41%
Nmixx Like Magic
41%
J.Y Park Like Magic
41%
Alesso Going Dumb
38%
Corsak Going Dumb
38%
Lil Durk All My Life
30%
Aucun quiz correspondant
Distribution des résultats
% des personnes avec chaque résultat
Percentile par nombre de réponses
Votre historique - résultats
Vous n’avez pas pris ce quiz